|
|
|
|
| LEADER |
00000cam a2200000 4500 |
| 001 |
vtls011973051 |
| 003 |
SK-MaSNL |
| 005 |
20260311143846.0 |
| 008 |
200610s2020 xr f 000 0 cze |
| 015 |
|
|
|a SNBZSA2021/05
|
| 020 |
|
|
|a 9788024645414
|q (brožované)
|
| 040 |
|
|
|a SNK
|b slo
|c SNK
|e rda
|
| 041 |
0 |
|
|a cze
|
| 043 |
|
|
|a e-cs---
|
| 044 |
|
|
|a xr
|c CZ
|
| 072 |
|
7 |
|a 342
|x Ústavné právo. Správne právo
|2 konspekt
|
| 080 |
|
|
|a 342.4
|2 2011
|
| 080 |
|
|
|a 342
|2 2011
|
| 080 |
|
|
|a 342.4(091)
|2 2011
|
| 080 |
|
|
|a (437)
|2 2011
|
| 080 |
|
|
|a (048.8)
|2 2011
|
| 100 |
1 |
|
|a Kuklík, Jan,
|d 1967-
|4 aut
|9 230362
|
| 245 |
1 |
0 |
|a Příběh československé ústavy 1920
|n I.
|p Příprava a přijetí ústavní listiny
|c Jan Kuklík
|
| 246 |
3 |
0 |
|a Příprava a přijetí ústavní listiny
|
| 250 |
|
|
|a Vydání první
|
| 264 |
|
1 |
|a Praha
|b Univerzita Karlova, nakladatelství Karolinum
|c 2020
|
| 300 |
|
|
|a 334 strán
|c 21 cm
|
| 336 |
|
|
|a text
|b txt
|2 rdacontent
|
| 337 |
|
|
|a bez média
|b n
|2 rdamedia
|
| 338 |
|
|
|a zväzok
|b nc
|2 rdacarrier
|
| 500 |
|
|
|a Obsahuje profesijné údaje o autorovi na záložke prebalu
|
| 504 |
|
|
|a Obsahuje bibliografiu na strane [290]-298 ; bibliografické odkazy
|
| 505 |
2 |
0 |
|t Zákon ze dne 29. února 1920, kterým se uvozuje Ústavní listina Československé republiky
|
| 610 |
1 |
7 |
|a Československo.
|b Ústava Československej republiky (1920)
|2 SAVUKKA
|9 215834
|
| 648 |
|
7 |
|a 1918-1921
|2 SNKPH
|9 301244
|
| 650 |
0 |
7 |
|a ústava
|2 SNKPH
|9 2640
|
| 650 |
0 |
7 |
|a ústavné právo
|2 SNKPH
|9 2256
|
| 650 |
0 |
7 |
|a ústavné dejiny
|2 SNKPH
|9 106317
|
| 650 |
0 |
7 |
|a Constitution
|2 SNKPHeng
|9 295680
|
| 650 |
0 |
7 |
|a Constitutional law
|2 SNKPHeng
|9 99107
|
| 650 |
0 |
7 |
|a Constitutional history
|2 SNKPHeng
|9 354317
|
| 651 |
|
7 |
|a Československo
|2 SNKPH
|9 21376
|
| 651 |
|
7 |
|a Czechoslovakia
|2 SNKPHeng
|9 265183
|
| 655 |
|
7 |
|a monografie
|2 SNKPH
|9 70139
|
| 655 |
|
7 |
|a Monographs
|2 SNKPHeng
|9 120675
|
| 710 |
2 |
|
|a Československo.
|t Ústava Československé republiky (1920)
|9 692129
|
| 919 |
|
|
|a 978-80-246-4541-4
|
| 958 |
|
|
|a ZS
|
| 958 |
|
|
|a NB
|
| 999 |
|
|
|c 1077216
|d 1079146
|
| 952 |
|
|
|a SNK
|b SNK
|y VYP
|7 0
|p 17A1458669
|o snkSC 192272/1 D1
|i snk2021/13192
|8 4
|g 13.91
|0 0
|1 0
|4 0
|d 2021-08-10
|l 0
|r 2026-02-24 16:14:34
|w 2026-02-24
|
| 952 |
|
|
|a SNK
|b SNK
|y PREZ
|7 0
|p 17A1450690
|o snkSC 192272/1
|i snk2021/2960
|8 4
|g 14.67
|0 0
|1 0
|4 0
|d 2020-09-09
|f 1
|l 0
|r 2025-10-09 00:00:00
|w 2026-02-24
|